000 00309nam a2200121Ia 4500
008 190216s9999||||xx |||||||||||||| ||und||
100 _aBhusan Y K
245 0 _aFundamentals Of Business Organisation And Management
260 _bSulthan Chand&Sons
_c1976
300 _a923p
650 _aCommerce
942 _cBK
999 _c5100
_d5100